000 00679nam a22002292 4500
001 0000003946
005 20151217145745.0
008 070517s xx 000 0 eng d
020 _a1844801004 :
_cKES 1,490
040 _aKABU
_cKABU
050 0 _aQA76
_b.F74 1996
100 1 _aFrench, C. S.
_@0000159884
245 1 0 _aData processing and information technology.
250 _a10th ed.
260 _aLondon :
_bThomson,
_c1996.
300 _avii, 501 p.
650 0 _aData processing (Computer science)
_@0000160891
908 _a070517
950 _@1
999 _c2325
_d2325